000 02208cam a22004694i 4500
003 PE-LiUPU
005 20250731184558.0
008 150706s2010 pe r 000 0 d
035 _a(Sirsi) a49540
040 _aPE-LiUPU
_bspa
_cPE-LiUPU
_erda
049 _aPRUA
082 0 4 _a985.122
_bD
_221
245 0 3 _aEl diagnóstico socio-ecológico (DSE)del plan de manejo participativo del Páramo :
_bla realidad del Páramo del predio San Juan de Cachiaco, Pacaipampa /
_cGrabriela López S.
264 1 _aLima :
_bSupergráfica,
_c2010.
300 _a81 páginas :
_bilustraciones a color ;
_c19 cm.
336 _atext
_2rdacontent
337 _aunmediated
_2rdamedia
338 _avolume
_2rdacarrier
505 0 _aSobre el documento: el diagnóstico socio - ecológico -- El predio de San Juan -- Páramo: el clima y los recursos naturales -- Actividades productivas del predio de San Juan de Cachiaco -- La familia del predio de Cachiaco y sus ingresos -- Organizaciones del predio y otras instituciones externas -- Servicios básicos sociales en el predio de San Juan -- Analizando la información del diagnóstico socio ecológico -- Iniciativas para la conservación del páramo -- Para terminar.
526 _aP136
526 _aP135
526 _aP134
526 _aP133
526 _aP144
526 _aP143
526 _aP87
526 _aP35
526 _aP20
526 _aP14
526 _aP10
526 _aP06
650 0 4 _aSan Juan de Cachicao, comunidad de [Ayabaca, Piu. (Perú : Provincia)]
_xAspectos socioecológicos.
700 1 _aLópez S., Gabriela,
_eed.
700 1 _aZúñiga Loayza, Carla,
_ecolab.
910 _bjv
_clch
_d20110517
942 _2ddc
_cBOOK
949 _a985.122 D 1P
_wDEWEY
_c1
_i62858
_lCCODEBUL1
_mBUL
_p12.00
_r0
_sY
_tLIBRO
_u2015-07-06
_xINGENIERIA
_PP24
_o.STAFF. Colección General
994 _aC0
_bPEPRU
596 _a1
999 _a985.122 D 1P
_wDEWEY
_c51898
_i62858
_d51898
_f2021-11-8
_g7
_lCCODEBUL1
_mBUL
_p12.00
_q1
_r0
_sY
_tBOOK
_u2015-7-6
_xBIBLIOTECA
_PP24
_0COMPRA
_o.STAFF. Colección Ingeniería y Arquitectura
980 _81
_gALBERTO SANCHEZ Responsable de Automatización